Derecho electoral : (Registro nro. 7463)
[ vista simple ]
| 000 -LEADER | |
|---|---|
| fixed length control field | 01312cam a2200253 a 4500 |
| 003 - CONTROL NUMBER IDENTIFIER | |
| control field | OSt |
| 005 - DATE AND TIME OF LATEST TRANSACTION | |
| control field | 20210305155817.0 |
| 008 - FIXED-LENGTH DATA ELEMENTS--GENERAL INFORMATION | |
| fixed length control field | 030529s2002 ck r 000 0 spa d |
| 020 ## - INTERNATIONAL STANDARD BOOK NUMBER | |
| International Standard Book Number | 9586354334 |
| 040 ## - CATALOGING SOURCE | |
| Original cataloging agency | DLC |
| Transcribing agency | CO-JMCR |
| Modifying agency | CO-BoPUJ |
| 041 0# - LANGUAGE CODE | |
| Language code of text/sound track or separate title | spa |
| 082 04 - DEWEY DECIMAL CLASSIFICATION NUMBER | |
| Classification number | 342.86107 / |
| Item number | C911d |
| Edition number | 23 |
| 100 1# - MAIN ENTRY--PERSONAL NAME | |
| Personal name | Cárdenas López, Jorge Humberto, |
| Relator term | autor |
| 9 (RLIN) | 14442 |
| 245 10 - TITLE STATEMENT | |
| Title | Derecho electoral : |
| Remainder of title | etapas generales del proceso electoral : calidades, incompatibilidades e inhabilidades para acceder a cargos de elección popular, mecanismos de participación ciudadana, doctrina y jurisprudencia / |
| Statement of responsibility, etc. | Jorge Humberto Cárdenas López |
| 250 ## - EDITION STATEMENT | |
| Edition statement | Primera edición |
| 260 ## - PUBLICATION, DISTRIBUTION, ETC. | |
| Place of publication, distribution, etc. | Bogotá : |
| Name of publisher, distributor, etc. | Librería del Profesional, |
| Date of publication, distribution, etc. | 2002. |
| 300 ## - PHYSICAL DESCRIPTION | |
| Extent | xxvii, 232 páginas ; |
| Dimensions | 24 cm. |
| 505 0# - FORMATTED CONTENTS NOTE | |
| Formatted contents note | Organización electoral -- Calidades, inhabilidades e incompatibilidades para acceder a cargos de elección popular -- Mecanismos de participación ciudadana -- |
| 520 0# - SUMMARY, ETC. | |
| Summary, etc. | Esta obra contiene una compilación de procedimientos, normas electorales actualizadas y la más reciente doctrina y jurisprudencia que es esta materia ha sido explicado. |
| 650 24 - SUBJECT ADDED ENTRY--TOPICAL TERM | |
| Topical term or geographic name entry element | Derecho electoral |
| Geographic subdivision | Colombia |
| 9 (RLIN) | 12912 |
| 650 24 - SUBJECT ADDED ENTRY--TOPICAL TERM | |
| Topical term or geographic name entry element | Participación ciudadana |
| Geographic subdivision | Colombia |
| 9 (RLIN) | 9639 |
| 650 24 - SUBJECT ADDED ENTRY--TOPICAL TERM | |
| Topical term or geographic name entry element | Elecciones |
| General subdivision | Legislación |
| Geographic subdivision | Colombia |
| 9 (RLIN) | 12913 |
| 942 ## - ADDED ENTRY ELEMENTS (KOHA) | |
| Source of classification or shelving scheme | Dewey Decimal Classification |
| Koha item type | Books |
| Withdrawn status | Lost status | Source of classification or shelving scheme | Damaged status | Not for loan | Home library | Current library | Shelving location | Date acquired | Source of acquisition | Total Checkouts | Full call number | Barcode | Date last seen | Date last checked out | Copy number | Price effective from | Koha item type |
|---|---|---|---|---|---|---|---|---|---|---|---|---|---|---|---|---|---|
| Dewey Decimal Classification | Biblioteca Pública José María del Castillo y Rada | Biblioteca Pública José María del Castillo y Rada | General Stacks | Donación | 1 | 342.86107 / C911d | 201810720 | 05/16/2024 | 11/01/2022 | Ej.1 | Books |